000 01566nam a2200421 i 4500
001 000044184
003 DO-SdBNP
005 20260319110545.0
007 ta
008 140605s2004 dr 000 0 spa d
020 _a9993458252
040 _aDO-SdBNP
_bspa
_cBNPHU
_erda
041 _aspa
082 4 _a320.011
_bL817t
_222
100 1 _aLockward, Ángel,
_911034
_4aut.
_eautor
245 1 0 _aTeoría política :
_bcomentando los autores /
_cÁngel Lockward.
250 _aPrimera edición
264 1 _aSanto Domingo :
_bFundesep,
_c2004.
300 _a277 páginas ;
_c23 cm.
336 _atexto
_btxt
_2rdacontent
337 _asin mediación
_bn
_2rdamedia
338 _avolumen
_bnc
_2rdacarrier
490 0 _aPensamiento político ;
_v4
500 _aIncluye datos biográficos del autor en la solapa de la cubierta
500 _aIncluye referencias bibliográficas y notas al pie de las páginas
590 _aInventariado, 2022/BT
600 1 4 _aSaltori, Giovanni.
_xCrítica e interpretación
_986664
600 1 4 _a Dahl, Robert.
_xCrítica e interpretación
_986665
600 1 4 _aMainwaring, Scout.
_xCrítica e interpretación
_986666
600 1 4 _aTorcal, Mariano.
_xCrítica e interpretación
_986667
650 0 _aCiencias políticas
_92426
650 4 _aDemocracia
_2LEMB
_9286
650 4 _aSistemas electorales
_2LEMB
_986668
650 4 _aIntervención extranjera
_zAmérica
_2LEMB
_986669
710 2 _aFundación de estudios económicos y políticos
_972186
910 _aValidado. Control de calidad MFF
942 _2ddc
_cLBS1
999 _c43673
_d43673